| 000 -LEADER |
| fixed length control field |
00385cam a22001217a 4500 |
| 008 - FIXED-LENGTH DATA ELEMENTS--GENERAL INFORMATION |
| fixed length control field |
180718b1968 xxu||||| |||| 00| 0 eng d |
| 082 ## - DEWEY DECIMAL CLASSIFICATION NUMBER |
| Classification number |
P04x54 In2$ |
| 100 ## - MAIN ENTRY--PERSONAL NAME |
| Personal name |
Pandit, H.N. |
| 245 ## - TITLE STATEMENT |
| Title |
Study in unit costs at chool stage in India |
| Statement of responsibility, etc. |
by H.N. Pandit |
| 260 ## - PUBLICATION, DISTRIBUTION, ETC. |
| Place of publication, distribution, etc. |
New Delhi |
| Name of publisher, distributor, etc. |
National Intitute OF Education |
| Date of publication, distribution, etc. |
1968 |
| 300 ## - PHYSICAL DESCRIPTION |
| Extent |
iv, 62p |
| 700 ## - ADDED ENTRY--PERSONAL NAME |
| Personal name |
Department of Foundations of Education |